zpět

Detail výsledku týmu

U Lucerny ČT, Brno

Datum a čas kvízu

22 Celkem bodů Celkový počet nahraných bodů na tomto kvízu bez doplňovacích otázek.
14. Pořadí na kvízu Konečné umístění týmu na tomto kvízu.

Zaznamenané odpovědi

# Otázka Odpověď Body Výsledky
1. Jaroslav Němec z Bystrého na S... hlemýždi (šneci) 0
2. Tento ruský opoziční politik v... Boris Naděždin 0
3. Minulý týden v sobotu se konal... Ples jako Brno 1
4. Které město jako první v České... Brno 1
5. Slavná Barcelona obdržela v so... Villarreal 0
6. Nejvíce dvojčat na světě se ro... Nigérie 0
7. Dvojčata mohou na počátku nitr... chiméra 1
8. Jako dvojčata byly označovány... Ground Zero 0
9. Jak se jmenuje herec, jehož ob... Rami Malek 0
10. Na závěr tématu se podíváme na... paterčata 0